logo

Bir Sreshtho Munshi Abdur Rouf Library
Jhenaidah Cadet College

Grammar for English language teachers / (Record no. 7688)

MARC details
000 -LEADER
fixed length control field 00993cam a2200325 a 4500
001 - CONTROL NUMBER
JCCL Control Number 7688
003 - CONTROL NUMBER IDENTIFIER
JCCL marc code BD-JhCC
005 - DATE AND TIME OF LATEST TRANSACTION
control field 20180213104540.0
008 - FIXED-LENGTH DATA ELEMENTS--GENERAL INFORMATION
fixed length control field 100819s2010 enka 001 0 eng
020 ## - INTERNATIONAL STANDARD BOOK NUMBER
International Standard Book Number 9780521885058 (hbk.)
020 ## - INTERNATIONAL STANDARD BOOK NUMBER
International Standard Book Number 0521885051 (hbk.)
020 ## - INTERNATIONAL STANDARD BOOK NUMBER
International Standard Book Number 9780521712040 (pbk.)
020 ## - INTERNATIONAL STANDARD BOOK NUMBER
International Standard Book Number 0521712041 (pbk.)
035 ## - SYSTEM CONTROL NUMBER
system control number (BD-JhCC)7688
040 ## - CATALOGING SOURCE
Original cataloging agency UKM
Transcribing agency UKM
Modifying agency BWKUK
-- BWK
-- YDXCP
-- BTCTA
-- DLC
-- BD-JhCC
041 ## - LANGUAGE CODE
Language code of Book eng
050 00 - LIBRARY OF CONGRESS CALL NUMBER
Classification number LB1576
Item number .P2595 2010
082 04 - DEWEY DECIMAL CLASSIFICATION NUMBER
Classification number 428.2071
DDC Edition number 22
Author mark and Year PAR 2010
100 1# - MAIN ENTRY--PERSONAL NAME
Personal name Parrott, Martin.
245 10 - TITLE STATEMENT
Title Grammar for English language teachers /
Statement of responsibility, etc Martin Parrott.
250 ## - EDITION STATEMENT
Edition statement 2nd ed.
260 ## - PUBLICATION, DISTRIBUTION, ETC. (IMPRINT)
Place of publication, distribution, etc Cambridge, UK ;
-- New York :
Name of publisher, distributor, etc Cambridge University Press,
Date of publication, distribution, etc 2010.
300 ## - PHYSICAL DESCRIPTION
Pagination viii, 470 p. :
Other physical details ill. (some col.) ;
Dimensions 26 cm.
500 ## - GENERAL NOTE
General note Previous ed.: 2000.
500 ## - GENERAL NOTE
General note Includes index.
650 #0 - SUBJECT ADDED ENTRY--TOPICAL TERM
Topical term or geographic name as entry element English language
General subdivision Grammar.
650 #0 - SUBJECT ADDED ENTRY--TOPICAL TERM
Topical term or geographic name as entry element English language
General subdivision Grammar
-- Study and teaching.
942 ## - ADDED ENTRY ELEMENTS (KOHA)
Source of classification or shelving scheme Dewey Decimal Classification
Koha item type Books
Holdings
Source of classification or shelving scheme Damaged status Not for loan Home library Current library Shelving location Total Checkouts Full call number Barcode Date last seen Copy number Koha item type Date of accession Date checked out
Dewey Decimal Classification     JCC Rouf Library JCC Rouf Library General Stacks   428.2071 PAR 2010 1074 02/13/2018 C -1 Books    
Dewey Decimal Classification     JCC Rouf Library JCC Rouf Library General Stacks 1 428.2071 PAR 2010 14734 07/18/2024 C-2 Books 04/28/2019 07/17/2024

JCC Library | Contacts | JCC Home

Last Update on 23 September 2017
Copyright @ 2017-2020 JCC Rouf Library
Rouf Library, Jhenidah Cadet College (JCC), Bangladesh